000 00891nam a2200241 i 4500
001 115687
003 ES-MaACL
005 20250826085547.0
007 t|
008 070427s1929 sp a |||| | spa d
080 _a551.54(261.28)
100 1 _aDoporto, Mariano.
_945364
245 1 0 _aTipos de distribución isobárica y de tiempo en el Golfo de Vizcaya /
_cpor Mariano Doporto.
260 _aSan Sebastián :
_bDiputación de Guipúzcoa,
_c1929.
300 _a1 v. (40, [1] h. pleg.) :
_bil. ;
_c22 cm.
490 1 _aTrabajos del Obsevatorio de Igueldo ;
_v4
505 8 _aContiene: 1 ;
_tIntroducción y generalidades
650 1 4 _aPresión atmosférica-
_zVizcaya (Golfo)
_916384
710 1 _aGuipúzcoa.
_bDiputación Provincial.
_94555
830 0 0 _aTrabajos del Observatorio de Igueldo
_v4
_9186356
852 _aES-MaACL
_j1727-F-9 bis
999 _c115687
_d115687